Ideová, masovopolitická a kultúrno-výchovná práca odborov /
Uložené v:
| Ďalší autori: | |
|---|---|
| Médium: | Kniha |
| Jazyk: | Slovak |
| Vydané: |
Bratislava :
Práca,
1984.
|
| Vydanie: | 1. vyd. |
| Edícia: | Knižnica odborára
zv. 12/84 |
| ISBN: |
(brož.) |
| Fyzický popis: |
243 s. |
| Tagy: |
Pridať tag
Žiadne tagy, Buďte prvý kto otaguje tento záznam!
|
Titul je dostupný aj v ... 

MARC
| LEADER | 00000nam a22000001a 4500 | ||
|---|---|---|---|
| 001 | 000117153 | ||
| 005 | 20091121125241.0 | ||
| 008 | 081204s1984 xo e slo d | ||
| 020 | |a (brož.) | ||
| 040 | |a SVKKK |b slo |c SVKKK |e AACR2 | ||
| 041 | 0 | |a slo | |
| 044 | |a xo |c SK | ||
| 245 | 0 | 0 | |a Ideová, masovopolitická a kultúrno-výchovná práca odborov / |c zost.: Ján Staňo. |
| 250 | |a 1. vyd. | ||
| 260 | |a Bratislava : |b Práca, |c 1984. | ||
| 300 | |a 243 s. | ||
| 490 | 1 | |a Knižnica odborára |v zv. 12/84 | |
| 700 | 1 | |a Staňo, Ján |4 com | |
| 830 | 0 | |a Knižnica odborára |v zv. 12/84 | |
| 910 | |a svkkk | ||
| 998 | |a BK | ||
| 090 | |g SCKHL |k Sklad Pribinova 2. posch. |a II.290942 |j 704020 |i 117153-10 |s Absenčne | ||
| 090 | |g SCKHL |k Sklad Pribinova 2. posch. |a II.303824 |j 704126 |i B276214 |s Absenčne | ||